| 000 | 00494nam a2200169Ia 4500 | ||
|---|---|---|---|
| 003 | GCL | ||
| 008 | 140319s9999 xx 000 0 ara d | ||
| 040 |
_aGCL / _cGCL |
||
| 082 | 0 | 4 |
_a792 _bك م |
| 100 | 1 | _aكمال عيد | |
| 245 | 1 | 0 |
_aالمسرح الاشتراكى (هدية من الاديب عبدالفتاح الجمل) / _cكمال عيد |
| 300 | _a111 ص | ||
| 490 |
_aالمكتبة الثقافية _v0 |
||
| 650 | 0 | 4 | _aالمسرح |
| 650 | 0 | 4 | _aالفنون |
| 942 |
_2ddc _cBK |
||
| 999 |
_c40823 _d40823 |
||